Statistiken für Größte Stadt beginnend mit N in Diesem Land

Klicken Sie hier um das Quiz zu spielen!

Allgemein

  • Dieses Quiz wurde 198 mal gespielt
  • Das Durchschnittsergebnis liegt bei 9 aus 18

Antwortstatistiken

LandN -Stadt% Korrekt
DeutschlandNürnberg
98%
ZypernNikosia
92%
ItalienNeapel
90%
KeniaNairobi
88%
Vereinigte StaatenNew York
66%
FrankreichNizza
59%
Vereinigtes KönigreichNewcastle
51%
NigerNiamey
51%
ChinaNanjing
47%
RusslandNowosibirsk
47%
SerbienNovi Sad
40%
JapanNagoya
37%
SchwedenNorrköping
37%
BelgienNamur
34%
NiederlandeNijmegen
32%
BrasilienNatal
13%
IndienNagpur
12%
MexikoNezahualcóyotl
9%

Verteilung der Resultate

Perzentil nach korrekt beantworteten Fragen

Anzahl Personen mit jedem Resultat

Ihre Resultats-Entwicklung

Sie haben dieses Quiz noch nicht gespielt